000 00629nam a2200241Ia 4500
003 OSt
005 20221005040020.0
006 a|||||r|||| 00| 0
007 ta
008 221004b |||||||| |||| 00| 0 eng d
024 _a32610
037 _cTextual
040 _aCRL
_cCRL
_beng
041 _2eng
_aeng
082 _a2v2.N7, L7
100 _aKumar P S G
245 0 _aIndian library chronology
260 _aDelhi
_bMetropolitan book co(P) ltd India
_c1977
300 _a692p
_ccm.
650 _aLIBRARY SCIENCE - HISTORY
942 _h2v2.N7, L7
_cTEXL
_2cc
999 _c946242
_d946242